Names of people from WW2 - Statistics

General Stats
  • This quiz has been taken 125 times
  • The average score is 12 of 16
Answer Stats
Country Hint Answer % Correct
Germany Hitler Adolf
98%
UK Churchill Winston
97%
USSR Stalin Joseph
92%
USA Truman Harry
90%
Italy Mussolini Benito
88%
USA Roosevelt Franklin
88%
France Gaulle Charles
79%
Germany Rommel Erwin
78%
USA Eisenhower Dwight
77%
UK Chamberlain Neville
74%
USA Patton George
70%
USA MacArthur Douglas
63%
UK Montgomery Bernard
52%
Spain Franco Francisco
52%
Japan Tojo Hideki
45%
Hungary Horthy Miklos
17%
No matching quizzes found
Score Distribution
Percent of People with Each Score
Percentile by Number Answered
Your Score History
You have not taken this quiz